<?xml version="1.0" encoding="UTF-8"?>
<marc:record xmlns:marc="http://www.loc.gov/MARC21/slim">
   <marc:leader>00000nam a2200000 a 4500</marc:leader>
   <marc:datafield ind1="1" ind2=" " tag="100">
      <marc:subfield code="a">Barton, Fiona</marc:subfield>
      <marc:subfield code="4">aut</marc:subfield>
      <marc:subfield code="e">Verfasser/-in</marc:subfield>
   </marc:datafield>
   <marc:datafield ind1="1" ind2=" " tag="100">
      <marc:subfield code="a">Längsfeld, Sabine</marc:subfield>
      <marc:subfield code="4">trl</marc:subfield>
      <marc:subfield code="e">Übersetzer/-in</marc:subfield>
   </marc:datafield>
   <marc:datafield ind1=" " ind2=" " tag="653">
      <marc:subfield code="a">Spannung</marc:subfield>
   </marc:datafield>
   <marc:datafield ind1="0" ind2="0" tag="245">
      <marc:subfield code="a">Die Witwe</marc:subfield>
   </marc:datafield>
   <marc:datafield ind1="0" ind2="0" tag="245">
      <marc:subfield code="c">Fiona Barton</marc:subfield>
   </marc:datafield>
   <marc:datafield ind1=" " ind2="1" tag="264">
      <marc:subfield code="a">Reinbek</marc:subfield>
      <marc:subfield code="b">Wunderlich</marc:subfield>
      <marc:subfield code="c">2016</marc:subfield>
   </marc:datafield>
   <marc:datafield ind1=" " ind2=" " tag="250">
      <marc:subfield code="a">1 Auflg.</marc:subfield>
   </marc:datafield>
   <marc:datafield ind1="1" ind2=" " tag="520">
      <marc:subfield code="a">Angaben aus der Verlagsmeldung ## ##  Die Witwe : Ein liebender Ehemann oder ein kaltblütiger Mörder ... Was weiß sie wirklich? The widow Barton, Die Witwe / von Fiona Barton ## #Die Frau.#Jean Taylor führt ein ganz normales Leben in einer englischen Kleinstadt: Sie hat ein hübsches Haus und einen netten Ehemann. Glen und sie führen eine gute Ehe. ##Der Mann.#Dann kommt der Tag, der alles ändert: Sie nennen Glen jetzt das Monster. Er soll etwas Unsagbares getan haben. Und Jeans heile Welt zerbricht. ##Die Witwe.#Jetzt liegt Glen auf dem Friedhof, und Jean ist zum ersten Mal allein. Allein und frei. Frei ihre Geschichte zu erzählen. #Jean Taylor wird uns sagen, was sie weiß.##Perfekt konstruierte psychologische Spannung und komplexe Charaktere, erzählt von einer authentischen Stimme.</marc:subfield>
   </marc:datafield>
   <marc:datafield ind1=" " ind2=" " tag="020">
      <marc:subfield code="a">9783805250979</marc:subfield>
      <marc:subfield code="9">9783805250979</marc:subfield>
   </marc:datafield>
   <marc:datafield ind1=" " ind2=" " tag="041">
      <marc:subfield code="a">ger</marc:subfield>
   </marc:datafield>
   <marc:datafield ind1=" " ind2=" " tag="300">
      <marc:subfield code="a">416 S.</marc:subfield>
   </marc:datafield>
</marc:record>
